Solar electricity : a practical guide to designing and installing small photovoltaic systems

Saved in:
Bibliographic Details
Main Author: Roberts, Simon
Format: Book
Language:English
Published: New York : Prentice Hall, c1991
Subjects:
Tags: Add Tag
No Tags, Be the first to tag this record!

MARC

LEADER 00000nam a2200000 i 4500
001 1/17221
008 980828s1991 eng d
020 |a 0-13-825068-5 
035 |l 10020476 
040 |a GR-MY-UA  |b gre  |e aacr 
041 0 |a eng 
082 0 |a 621.31244 
100 1 |a Roberts, Simon. 
245 1 0 |a Solar electricity :  |b a practical guide to designing and installing small photovoltaic systems /  |c Simon Roberts 
260 |a New York :   |b Prentice Hall,   |c c1991 
300 |a 434 p.  |b fig. 
504 |a Includes index 
650 0 0 |a Photovoltaic power generation. 
852 |a INST  |b LESVOS  |e 19980828  |h 621.31244 ROB  |p 005100013047  |q 005100013047  |t BK  |y 0 
901 |a BIBL-1998-3 
909 |a Λ  |b 058984 
922 |a 1ΕΛΗ  |b 199808  |c ΚΠΣ/ΤΠ  |d ΠΑΠΑΣΩΤΗΡΙΟΥ 
950 |a 107-1998-07-17